000 00779nam a2200253 i 4500
001 000028369
003 DO-SdBNP
005 20240108095702.0
006 a||||gr|||| 00| 0
007 ta
008 110408e2004 dr 000 0 spa d
040 _aDO-SdBNP
_bspa
_cBNPHU
_erda
082 4 _bT231e
_222
100 1 _aTavares E., Gustavo A.
_936091
_eautor
245 1 0 _a"Educación: la base del desarrollo" /
_cGustavo A. Tavares E.
264 1 _aSanto Domingo :
_bEDUCA,
_c[19--?].
300 _a25 páginas ;
_c21 cm.
336 _2rdacontent
_atexto
_btxt
337 _2rdamedia
_asin mediación
_bn
338 _2rdacarrier
_avolumen
_bnc
504 _aIncluye referencia bibliográfica y nota al pie de la página.
590 _aInventariado 2024 / MF
942 _2ddc
_cLF2
999 _c27861
_d27861